UBT Library

How to do everything with Microsoft Office Word 2007 / (Record no. 622)

000 -LEADER
fixed length control field 00523nam a22001937a 4500
005 - DATE AND TIME OF LATEST TRANSACTION
control field 20150330100257.0
008 - FIXED-LENGTH DATA ELEMENTS--GENERAL INFORMATION
fixed length control field 150330b xxu||||| |||| 00| 0 eng d
020 ## - INTERNATIONAL STANDARD BOOK NUMBER
International Standard Book Number 9780071490696
041 0# - LANGUAGE CODE
Language code of text/sound track or separate title eng
080 ## - UNIVERSAL DECIMAL CLASSIFICATION NUMBER
Universal Decimal Classification number 004
100 ## - Rafti
Rafti Hart-Davis, Guy
245 ## - TITLE STATEMENT
Title How to do everything with Microsoft Office Word 2007 /
Statement of responsibility, etc Guy Hart-Davis
260 ## -
-- New York :
-- McGraw-Hill
-- 2007
300 ## -
-- 486 f. :
-- me il.;
-- 24 cm
505 ## -
-- Index: f. 475 - 486
650 ## -
-- Kompjuterat
650 ## -
-- Programet
942 ## - ADDED ENTRY ELEMENTS (KOHA)
Source of classification or shelving scheme
Item type Books
Holdings
Withdrawn status Lost status Source of classification or shelving scheme Damaged status Not for loan Collection code Permanent location Current location Shelving location Date acquired Total Checkouts Full call number Barcode Date last seen Koha item type Price effective from
          Koleksioni i përgjithshem UBT - Lipjan UBT - Lipjan Koleksioni i përgjithshem 03/30/2015   004 DAV 002-007953 03/30/2015 Books  
          Koleksioni i përgjithshem UBT - Lipjan UBT - Lipjan Koleksioni i përgjithshem 09/28/2015   004 DAV 002-007954 09/28/2015 Books 09/28/2015
          Koleksioni i përgjithshem UBT - Lipjan UBT - Lipjan Koleksioni i përgjithshem 09/28/2015   004 DAV 002-007975 09/28/2015 Books 09/28/2015
          Koleksioni i përgjithshem UBT - Lipjan UBT - Lipjan Koleksioni i përgjithshem 09/28/2015   004 DAV 002-007976 09/28/2015 Books 09/28/2015
          Koleksioni i përgjithshem UBT - Lipjan UBT - Lipjan Koleksioni i përgjithshem 09/28/2015   004 DAV 002-007977 09/28/2015 Books 09/28/2015
          Koleksioni i përgjithshem UBT - Lipjan UBT - Lipjan Koleksioni i përgjithshem 09/28/2015   004 DAV 002-007978 09/28/2015 Books 09/28/2015
          Koleksioni i përgjithshem UBT - Lipjan UBT - Lipjan Koleksioni i përgjithshem 09/28/2015   004 DAV 002-007979 09/28/2015 Books 09/28/2015
          Koleksioni i përgjithshem UBT - Lipjan UBT - Lipjan Koleksioni i përgjithshem 09/28/2015   004 DAV 002-007980 09/28/2015 Books 09/28/2015
          Koleksioni i përgjithshem UBT - Lipjan UBT - Lipjan Koleksioni i përgjithshem 09/28/2015   004 DAV 002-007981 09/28/2015 Books 09/28/2015
          Koleksioni i përgjithshem UBT - Lipjan UBT - Lipjan Koleksioni i përgjithshem 09/28/2015   004 DAV 002-007982 09/28/2015 Books 09/28/2015
          Koleksioni i përgjithshem UBT - Lipjan UBT - Lipjan Koleksioni i përgjithshem 09/28/2015   004 DAV 002-007983 09/28/2015 Books 09/28/2015
          Koleksioni i përgjithshem UBT - Lipjan UBT - Lipjan Koleksioni i përgjithshem 09/28/2015   004 DAV 002-007984 09/28/2015 Books 09/28/2015
UBT Library © 2015-2024. All rights reserved University Education for Business and Technology